| 000 | 00457nam a2200169Ia 4500 | ||
|---|---|---|---|
| 003 | OSt | ||
| 005 | 20231214145650.0 | ||
| 008 | 230408s9999 xx 000 0 und d | ||
| 020 | _a9789386797988 | ||
| 082 |
_a612 _bMOSC |
||
| 100 | _aMosley, Michael | ||
| 245 | 0 | _aCovid - 19 :What You need to know about the Coronavirus and the race for the vaccine | |
| 260 |
_aNew Delhi _bSimon Schuster _c2020 |
||
| 300 | _a143p | ||
| 650 | _aHealth- | ||
| 942 |
_cBK _2ddc |
||
| 999 |
_c1821 _d1821 |
||